<?xml version="1.0" encoding="UTF-8"?>
<record
    xmlns:xsi="http://www.w3.org/2001/XMLSchema-instance"
    xsi:schemaLocation="http://www.loc.gov/MARC21/slim http://www.loc.gov/standards/marcxml/schema/MARC21slim.xsd"
    xmlns="http://www.loc.gov/MARC21/slim">

  <leader>00891    a2200169   4500</leader>
  <controlfield tag="003">OSt</controlfield>
  <controlfield tag="005">20260213155833.0</controlfield>
  <controlfield tag="008">260206b        |||||||| |||| 00| 0 eng d</controlfield>
  <datafield tag="020" ind1=" " ind2=" ">
    <subfield code="a">9788174869845</subfield>
  </datafield>
  <datafield tag="100" ind1=" " ind2=" ">
    <subfield code="a">&#x915;&#x93E;&#x932;&#x947;&#x932;&#x915;&#x930; &#x928;&#x93E;. </subfield>
    <subfield code="9">216635</subfield>
  </datafield>
  <datafield tag="245" ind1=" " ind2=" ">
    <subfield code="a">&#x92D;&#x93E;&#x937;&#x93E; &#x906;&#x923;&#x93F; &#x938;&#x902;&#x938;&#x94D;&#x915;&#x943;&#x924;&#x940;</subfield>
  </datafield>
  <datafield tag="250" ind1=" " ind2=" ">
    <subfield code="a">4th ED.</subfield>
  </datafield>
  <datafield tag="260" ind1=" " ind2=" ">
    <subfield code="b">&#x92E;&#x94C;&#x91C; &#x92A;&#x94D;&#x930;&#x915;&#x93E;&#x936;&#x928; &#x917;&#x943;&#x939;</subfield>
    <subfield code="c">2012</subfield>
    <subfield code="a">&#x92A;&#x941;&#x923;&#x947; </subfield>
  </datafield>
  <datafield tag="300" ind1=" " ind2=" ">
    <subfield code="a">124pp.</subfield>
  </datafield>
  <datafield tag="520" ind1=" " ind2=" ">
    <subfield code="a">&#x91C;&#x940;&#x935;&#x928;&#x93E;&#x924;&#x932;&#x94D;&#x92F;&#x93E; &#x935;&#x94D;&#x92F;&#x935;&#x938;&#x94D;&#x925;&#x93F;&#x924; ,&#x938;&#x930;&#x94D;&#x935;&#x93E;&#x902;&#x928;&#x93E; &#x906;&#x926;&#x930;&#x923;&#x940;&#x92F; &#x906;&#x923;&#x93F; &#x906;&#x935;&#x936;&#x94D;&#x92F;&#x915; &#x905;&#x936;&#x93E; &#x938;&#x935;&#x92F;&#x940;&#x902;&#x91A;&#x93E; &#x905;&#x935;&#x93F;&#x937;&#x94D;&#x915;&#x93E;&#x930; &#x915;&#x930;&#x923;&#x93E;&#x930;&#x940; &#x938;&#x902;&#x938;&#x94D;&#x915;&#x943;&#x924;&#x940; &#x906;&#x923;&#x93F; &#x924;&#x947;&#x91A; &#x91C;&#x940;&#x935;&#x928; &#x906;&#x923;&#x93F; &#x924;&#x94D;&#x92F;&#x93E;&#x91A;&#x940; &#x938;&#x930;&#x94D;&#x935; &#x905;&#x902;&#x917;&#x947; &#x936;&#x94D;&#x930;&#x941;&#x924;&#x940;&#x917;&#x94B;&#x91A;&#x930; &#x915;&#x930;&#x923;&#x93E;&#x930;&#x940; &#x92D;&#x93E;&#x937;&#x93E; &#x92F;&#x93E; &#x926;&#x94B;&#x928; &#x917;&#x94B;&#x937;&#x94D;&#x91F;&#x940;</subfield>
  </datafield>
  <datafield tag="942" ind1=" " ind2=" ">
    <subfield code="c">BK</subfield>
    <subfield code="2">ddc</subfield>
  </datafield>
  <datafield tag="999" ind1=" " ind2=" ">
    <subfield code="c">370344</subfield>
    <subfield code="d">370344</subfield>
  </datafield>
  <datafield tag="952" ind1=" " ind2=" ">
    <subfield code="0">0</subfield>
    <subfield code="1">0</subfield>
    <subfield code="2">ddc</subfield>
    <subfield code="4">0</subfield>
    <subfield code="7">0</subfield>
    <subfield code="8">B.Sc. IT</subfield>
    <subfield code="a">001</subfield>
    <subfield code="b">001</subfield>
    <subfield code="d">2026-02-05</subfield>
    <subfield code="e">8</subfield>
    <subfield code="g">212.50</subfield>
    <subfield code="l">0</subfield>
    <subfield code="p">KBJP-BK-3030</subfield>
    <subfield code="r">2026-02-05 00:00:00</subfield>
    <subfield code="v">250.00</subfield>
    <subfield code="w">2026-02-05</subfield>
    <subfield code="y">BK</subfield>
    <subfield code="z">3030</subfield>
  </datafield>
</record>
